| 000 | 00698cam a2200253 a 4500 | ||
|---|---|---|---|
| 001 | 12368494 | ||
| 003 | OSt | ||
| 005 | 20160407135018.0 | ||
| 008 | 010403s2001 nyu 000 1 eng | ||
| 010 | _a 2001019847 | ||
| 020 | _a039914739X | ||
| 040 | _aSEKU | ||
| 050 | 0 | 0 |
_aPS 3553.O692 _b.C6 |
| 100 | 1 | _aCornwell, Patricia Daniels. | |
| 245 | 1 | 0 |
_aIsle of Dogs / _cPatricia Cornwell. |
| 260 |
_aNew York : _bG.P. Putnam's Sons, _cc2001. |
||
| 300 | _a421 p. ; | ||
| 650 | 0 |
_aPolice _zVirginia _zRichmond _vFiction. |
|
| 650 | 0 |
_aPolice chiefs _vFiction. |
|
| 650 | 0 |
_aPolicewomen _vFiction. |
|
| 651 | 0 |
_aRichmond (Va.) _vFiction. |
|
| 655 | 7 |
_aMystery fiction. _2gsafd |
|
| 942 |
_2lcc _cGEN |
||
| 999 |
_c12508 _d12508 |
||